Joueurs français ayant joué la finale de la CDM 2018 – Mort subite - Statistiques

Statistiques générales
  • Ce quiz a été pris 394 fois
  • Le résultat moyen est 8 sur 14
Answers on the Grid
Answers color-coded by a green-red scale on the quiz's grid according to % correct below.
Hugo Lloris
Benjamin Pavard
Raphaël Varane
Samuel Umtiti
Lucas Hernandez
Paul Pogba
N'Golo Kanté
Blaise Matuidi
Antoine Griezmann
Kylian Mbappé
Olivier Giroud
Steven Nzonzi
Corentin Tolisso
Nabil Fekir
Steve Mandanda
Presnel Kimpembe
Adil Rami
Ousmane Dembélé
Karim Benzema
Kingsley Coman
Clément Lenglet
Lucas Digne
Djibril Sidibé
Thomas Lemar
Wissam Ben Yedder
 
Statistiques - réponses
Réponse % Correct
Kylian Mbappé
67%
Antoine Griezmann
64%
Benjamin Pavard
63%
Hugo Lloris
63%
N'Golo Kanté
63%
Paul Pogba
63%
Olivier Giroud
62%
Raphaël Varane
62%
Samuel Umtiti
58%
Blaise Matuidi
57%
Lucas Hernandez
50%
Steven Nzonzi
35%
Corentin Tolisso
26%
Nabil Fekir
23%
Aucun quiz correspondant
Distribution des résultats
% des personnes avec chaque résultat
Percentile par nombre de réponses
Votre historique - résultats
Vous n’avez pas pris ce quiz